000 00656nam a2200181 i 4500
001 112404
003 ES-MaACL
005 20230906185525.0
007 t|
008 061121s1967 sp bf |||| | spa d
100 1 _aMuñoz Goyanes, Guillermo.
_984432
245 1 0 _aParque Nacional de la Montaña de Covadonga /
_cGuillermo Muñoz Goyanes.
260 _aMadrid :
_bServicio Nacional de Pesca Fluvial y Caza,
_c1967.
300 _a226 p., 1 mapa pleg., 9 lám. :
_bil. ;
_c27 cm.
651 4 _aParque Nacional de la Montaña de Covadonga.
_9165632
710 1 _aEspaña.
_bServicio Nacional de Pesca Fluvial y Caza.
_93987
852 _aES-MaACL
_jC-33405
999 _c112404
_d112404